| 000 -ლიდერი |
| ფიქსირებული სიგრძის საკონტროლო ველი |
01675nam a2200277Ia 4500 |
| 001 - საკონტროლო ნომერი |
| საკონტროლო ველი |
23024 |
| 003 - საკონტროლო ნომრის იდენტიფიკატორი |
| საკონტროლო ველი |
GE_BSU |
| 005 - ბოლო ოპერაციის თარიღი და დრო |
| საკონტროლო ველი |
20230627115633.0 |
| 008 - ფიქსირებული სიგრძის მონაცემთა ელემენტები - ზოგადი ინფორმაცია |
| ფიქსირებული სიგრძის საკონტროლო ველი |
181216s2006||||ge |||||||||||||| ||geo|| |
| 020 ## - წიგნის საერთაშორისო სტანდარტული ნომერი |
| International Standard Book Number |
99940-830-6-6 წ-73 |
| 040 ## - კატალოგიზაციის წყარო |
| Transcribing agency |
GE_BSU |
| 041 ## - ენის კოდი |
| Language code of text/sound track or separate title |
geo |
| 080 ## - უნივერსალური ათობითი კლასიფიკაციის ინდექსი |
| Universal Decimal Classification number |
821.353.1-343.5 წ-73 |
| 100 ## - მთავარი ჩანაწერი - პიროვნების სახელი |
| Personal name |
წოწონავა, თენგიზ |
| 9 (RLIN) |
18994 |
| 245 ## - ცნობა სათაურის შესახებ |
| Title |
რას გვიამბობს ქართული აგიოგრაფიული მწერლობა : |
| Remainder of title |
საბავშვო ქრესტომატია / |
| Statement of responsibility, etc |
თენგიზ წოწონავა ; რედ. დავით შარაშენიძე ; მხატვ. ოთარ ქანდარია. |
| 264 ## - წარმოების, გამოცემის, დისტრიბუციის და სხვა ცნობები |
| გამოცემის, წარმოების, დისტრიბუციის... ადგილი |
თბილისი : |
| გამოცემის, წარმოების, დისტრიბუციის... სახელწოდება |
თენგიზ წოწონავას საავტ. გამ-ბა, |
| გამოცემის, წარმოების, დისტრიბუციის... თარიღი |
2006. |
| 300 ## - ფიზიკური აღწერა |
| Extent |
360 გვ. ; |
| Dimensions |
20 სმ. |
| 500 ## - ზოგადი შენიშვნა |
| General note |
დაიბეჭდა კათოლიკოს-პატრიარქის ილია II ლოცვა-კურთხევით |
| 520 ## - SUMMARY, ETC. |
| Summary, etc |
დაიბეჭდა კათოლიკოს-პატრიარქის ილია II ლოცვა-კურთხევით. |
| 653 ## - INDEX TERM--UNCONTROLLED |
| Uncontrolled term |
რას გვიამბობს ქართული აგიოგრაფიული მწერლობა |
| 653 ## - INDEX TERM--UNCONTROLLED |
| Uncontrolled term |
საბავშვო ქრესტომატია |
| 700 ## - ADDED ENTRY--PERSONAL NAME |
| Personal name |
შარაშენიძე, დავით |
| Relator term |
რედაქტორი |
| 9 (RLIN) |
18995 |
| 700 ## - ADDED ENTRY--PERSONAL NAME |
| Personal name |
ქანდარია, ოთარ |
| Relator term |
მხატვარი |
| 9 (RLIN) |
18996 |
| 942 ## - ADDED ENTRY ELEMENTS (KOHA) |
| Koha item type |
წიგნი |
| Source of classification or shelving scheme |
|